000 00593nam a2200205 a 4500
001 8380
003 CO-ViMGA
008 141112s2004 ck r 000 u spa d
040 _aCO-ViMGA
_bspa
_cCO-ViMGA
082 0 4 _aICO NTC 1248 - 2
100 1 _aICONTEC,
_98244
245 1 0 _aFRUTAS FRESCAS. AGUACATE. ESPECIFICACIONES DEL EMPAQUE /
_cICONTEC
260 _aBogotá,
_cel instituto,
_c1996
590 _aEjemplares : 2
650 1 4 _aaguacate
_951225
650 1 4 _aalimentos - embalaje
_953299
650 1 4 _aproducto agricola
_98245
650 1 4 _aproducto vegetal
_98246
942 _2ddc
_cBK
999 _c20133
_d20133